Civilian personnel : Retirement, employees whose terms of service shall include fifteen or more years in tropics.

Bibliographic Details
Corporate Author: United States. Army. Air Corps
Format: Government Document eBook
Language:English
Published: Washington : [publisher not identified], 1927.
Series:Air Corps Circ. No. 40-1 I
Subjects:
Online Access:Connect to the full text of this electronic document

MARC

Tag First Indicator Second Indicator Subfields
LEADER 00000cam a22000001a 4500
001 in00003693921
005 20190408182835.0
006 m o d f
007 cr bn mmmapmmp
008 040322s1927 dcu o f000 0 eng d
035 |a ebd1910314056 
040 |a UMI  |c UMI  |d UtOrBLW 
086 0 |a W 87.4:927/40-1I 
099 |a W87.4-32 
245 0 0 |a Civilian personnel :  |b Retirement, employees whose terms of service shall include fifteen or more years in tropics. 
264 1 |a Washington :  |b [publisher not identified],  |c 1927. 
300 |a 1 online resource (1 pages) 
336 |a text  |b txt  |2 rdacontent 
337 |a computer  |b c  |2 rdamedia 
338 |a online resource  |b cr  |2 rdacarrier 
490 0 |a Air Corps Circ. No. 40-1 I 
500 |a [on Army Air Corps employment procedures]. 
500 |a Record is based on bibliographic data in ProQuest U.S. Executive Branch Documents, 1910-1932. Reuse except for individual research requires license from ProQuest, LLC. 
533 |a Electronic reproduction.  |b [Bethesda, Md.] :  |c ProQuest,  |d 2012.  |e digital, PDF file.  |n ProQuest U.S. Executive Branch Documents, 1910-1932.  |n Mode of access: World Wide Web via ProQuest website. 
538 |a System requirements: PDF reader software. 
500 |a Electronic resource. 
650 0 |a Retirement.  |0 http://id.loc.gov/authorities/subjects/sh85113347 
655 7 |a Electronic books.  |2 local 
710 1 |a United States.  |b Army.  |b Air Corps.  |0 http://id.loc.gov/authorities/names/n80126026 
776 1 8 |i Microfiche version:  |t Civilian personnel  |o CIS US Exec MF W87.4-32  |w (ProQuest)cis191308417 
856 4 0 |u http://proxy.library.tamu.edu/login?url=http://congressional.proquest.com/congressional/docview/t66.d71.w87.4-32  |z Connect to the full text of this electronic document  |t 0 
999 f f |s 17d8e75a-918d-32cb-a9df-bce4c0ff8785  |i fbb792c0-10f7-3f43-afc3-c57c1fefb09f  |t 0 
952 f f |a Texas A&M University  |b College Station  |c Electronic Resources  |d Available Online  |t 0  |h No information provided 
998 f f |t 0  |l Available Online